[Event "National Open"]
[Site "Las Vegas USA"]
[Date "2002.03.10"]
[Round "6"]
[White "Vigorito,D"]
[Black "Brownscombe,T"]
[Result "1-0"]
[WhiteElo "2331"]
[BlackElo "2261"]

1.Nf3 Nf6 2.c4 g6 3.Nc3 Bg7 4.e4 d6 5.d4 O-O 6.Be2 e5 7.d5 Nbd7 8.Be3 Ng4
9.Bd2 f5 10.Ng5 Ndf6 11.exf5 gxf5 12.h3 Nh6 13.g4 Kh8 14.Ne6 Bxe6 15.g5 Nxd5
16.gxh6 Nb6 17.hxg7+ Kxg7 18.Rg1+ Kh8 19.Bg5 Qd7 20.b3 a5 21.a4 Qg7 22.f3 Nd7
23.Be3 Qf7 24.f4 Rg8 25.Kd2 Rxg1 26.Qxg1 Rg8 27.Qf2 Nf6 28.Rg1 c6 29.Rxg8+ Qxg8
30.c5 Bxb3 31.cxd6 Ne4+ 32.Nxe4 Qd5+ 33.Kc3 Qxe4 34.Kxb3 Qb4+ 35.Kc2 Qxa4+
36.Kc1 Qa3+ 37.Kd2 Qb4+ 38.Kd1 Qxd6+ 39.Ke1 Qb4+ 40.Kf1 Qb1+ 41.Kg2 exf4
42.Bxf4 Qe4+ 43.Kg1 a4 44.Qg3  1-0

[Event "TCh-ISR"]
[Site "ISR"]
[Date "2002.03.15"]
[Round "7"]
[White "Tunik,G"]
[Black "Kantsler,B"]
[Result "1/2-1/2"]
[WhiteElo "2469"]
[BlackElo "2519"]

1.d4 d6 2.Nf3 Nf6 3.c4 g6 4.Nc3 Bg7 5.e4 O-O 6.Be2 e5 7.Be3 Ng4 8.Bg5 f6
9.Bc1 Nc6 10.dxe5 Ngxe5 11.Be3 f5 12.Nxe5 Nxe5 13.exf5 Bxf5 14.Qd2 Bg4 15.h3 Bxe2
16.Nxe2 Qh4 17.O-O Qxc4 18.Rac1 Qf7 19.b3 Nc6 20.Bh6 Bxh6 21.Qxh6 Rae8 22.Qd2 Re5
23.Nc3 Qf4 24.Qd3 Nb4 25.Qd1 Qf5 26.f4 Re6 27.Rf3 Qf7 28.a3 Nc6 29.Nd5 Re4
30.Rc4 Rfe8 31.Kh2 Re1 32.Qd3 Qg7 33.Qc3 Qxc3 34.Rfxc3 Rd8 35.b4 a6 36.Rd3 Rc8
37.a4 Kf7 38.b5 Na5 39.Rxc7+ Rxc7 40.Nxc7 Rc1 41.Nd5 axb5 42.axb5 Rb1 43.Nc7 Rc1
44.Nd5 Rb1 45.Nc7  1/2-1/2

[Event "Open"]
[Site "Reykjavik ISL"]
[Date "2002.03.15"]
[Round "9"]
[White "Edvardsson,K"]
[Black "Jiretorn,E"]
[Result "1-0"]
[WhiteElo "2239"]
[BlackElo "2112"]

1.d4 Nf6 2.c4 g6 3.Nc3 Bg7 4.e4 d6 5.Nf3 O-O 6.Be2 e5 7.d5 Na6 8.Bg5 h6 9.Bh4 g5
10.Bg3 Nh5 11.h4 Nxg3 12.fxg3 gxh4 13.Nxh4 Qg5 14.g4 Bf6 15.Bf3 Bd7 16.Qe2 Qf4
17.Rh3 Nc5 18.Rd1 a5 19.Nf5 Bxf5 20.g3 Qg5 21.Rh5 Qg7 22.Rxf5 Bg5 23.Kf2 f6
24.Rh1 a4 25.Ke1 Ra6 26.Kd1 Rfa8 27.Kc2 c6 28.Bg2 Rb6 29.Rff1 Rb4 30.Rb1 Qc7
31.Rhf1 Qb6 32.Rf5 Qa6 33.Bf1 Qb6 34.Qf3 Kg7 35.Be2 Qc7 36.Rf1 Rf8 37.Qh1 Qb6
38.Rb1 Qc7 39.Qh5 Qb6 40.Qh2 Rh8 41.Qf2 Rf8 42.Qf3 Ra8 43.Bf1 Qa5 44.Be2 Ra6
45.Rf1 Qd8 46.Rb1 Rab6 47.Nd1 cxd5 48.exd5 e4 49.Qc3 Qe8 50.Ne3 Qg6 51.Qd4 Nd7
52.Qxe4 Ne5 53.Rxe5 fxe5 54.Nf5+ Kh8 55.Bd3 Qf7 56.Kc3 Qc7 57.b3 axb3 58.axb3 Qc5
59.Bc2 Qf2 60.Rd1 Qc5 61.Rb1 Qf2 62.Qd3 e4 63.Qd4+ Qxd4+ 64.Kxd4 Ra6 65.Kxe4 b5
66.Bd3 Rb6 67.Ra1 Kg8 68.Nd4 bxc4 69.Bxc4 Kf7 70.Nf5 Ke8 71.Ra7 Kd8 72.Nd4 Rxc4
73.bxc4 Rb1 74.Ne6+ Ke8 75.Nxg5 hxg5 76.Kf5 Rb4 77.Kxg5 Rxc4 78.Kf5 Rd4 79.Ke6 Kf8
80.Rf7+ Kg8 81.Rf4 Rd3 82.Kxd6 Rxg3 83.Kd7 Rg1 84.d6 Re1 85.Kd8 Re2 86.d7 Kg7
87.Rf5 Kg8 88.Kc7  1-0

[Event "13th Goodricke"]
[Site "Calcutta IND"]
[Date "2002.03.19"]
[Round "3"]
[White "Saravanan,V"]
[Black "Ramaswamy,A"]
[Result "1-0"]
[WhiteElo "2393"]
[BlackElo "2320"]

1.Nf3 Nf6 2.c4 g6 3.Nc3 Bg7 4.e4 d6 5.d4 O-O 6.Be2 e5 7.Be3 Ng4 8.Bg5 f6
9.Bh4 Nc6 10.d5 Ne7 11.Nd2 Nh6 12.f3 c5 13.Rb1 g5 14.Bf2 f5 15.O-O Ng6 16.g3 fxe4
17.Ndxe4 Nf5 18.b4 b6 19.bxc5 bxc5 20.Bd3 h6 21.Nb5 a6 22.Nbxd6 Nxd6 23.Bxc5 Nf5
24.Bxf8 Bxf8 25.Qb3 Nd4 26.Qb6 Qxb6 27.Rxb6 Ne7 28.d6 Bh3 29.dxe7 Bxe7 30.Rg6+ Kf7
31.Rxh6 Bxf1 32.Kxf1 Nxf3 33.Rh7+ Ke6 34.c5 Rf8 35.Ke2 Nd4+ 36.Kd1 Nc6 37.Bc4+ Kf5
38.Nd6+ Bxd6 39.cxd6 Rd8 40.d7 e4 41.Ke2 Ne5 42.Bxa6 Kg6 43.Re7 Kf6 44.Re8 Rxd7
45.Bc8 Rc7 46.Re6+ Kf7 47.Rxe5 Rxc8 48.Kd1 Rh8 49.Rf5+ Ke6 50.Rf2 Ke5 51.a4 e3
52.Ra2 Ke4 53.a5 Kf3 54.a6 Rd8+ 55.Ke1 Rc8 56.Ra1 Ra8 57.a7 Kg2 58.Ra2+ Kh3
59.Kd1 g4 60.Ke1 e2 61.Kxe2 Kxh2 62.Ra3 Kg2 63.Ke1 Re8+ 64.Kd2 Ra8 65.Ke2 Kg1
66.Ke3 Kg2 67.Kf4 Kh3 68.Ra5 Rf8+ 69.Rf5 Ra8 70.Rh5+ Kg2 71.Rh7 Rc8 72.Kxg4 Rg8+
73.Kh4 Rf8 74.g4  1-0

[Event "57th ch-YUG"]
[Site "Banja Koviljaca YUG"]
[Date "2002.03.21"]
[Round "6"]
[White "Damljanovic,B"]
[Black "Arsovic,G"]
[Result "0-1"]
[WhiteElo "2545"]
[BlackElo "2437"]

1.d4 Nf6 2.c4 d6 3.Nc3 g6 4.e4 Bg7 5.Nf3 O-O 6.Be2 Na6 7.O-O e5 8.Re1 Qe8
9.Bf1 Bg4 10.d5 Nb4 11.Be2 a5 12.Be3 Na6 13.h3 Bd7 14.Nd2 Kh8 15.a3 Ng8 16.Bf1 f5
17.exf5 gxf5 18.f4 Qg6 19.Nf3 Rae8 20.Qc2 Nf6 21.Be2 Bh6 22.Bf1 Bg7 23.fxe5 dxe5
24.c5 e4 25.Nh4 Qh5 26.g3 f4 27.Bxf4 Nxc5 28.Rad1 Nd3 29.Bxd3 exd3 30.Qxd3 Bxh3
31.Qd2 Ng4 32.d6 cxd6 33.Qxd6 Nf6 34.Qd2 Bg4 35.Rxe8 Rxe8 36.Re1 Rxe1+ 37.Qxe1 Qc5+
38.Kg2 Bd7 39.Nf3 Bc6 40.Qe2 Qh5  0-1

[Event "Supercom Cup"]
[Site "Bucharest ROM"]
[Date "2002.03.22"]
[Round "6"]
[White "Musat,A"]
[Black "Golubev,M"]
[Result "1/2-1/2"]
[WhiteElo "2414"]
[BlackElo "2531"]

1.Nf3 d6 2.d4 Nf6 3.c4 g6 4.Nc3 Bg7 5.e4 O-O 6.Be2 e5 7.Be3 c6 8.d5 Ng4 9.Bg5 f6
10.Bh4 c5 11.Nd2 Nh6 12.a3 a5 13.Rb1 Na6 14.O-O Bd7 15.Bd3 Nf7 16.Bc2 h5
17.f3 Bh6 18.Bf2 Bc8 19.Na2 Nc7 20.Nc3 Na6 21.Na2 Nc7 22.Nc3  1/2-1/2

[Event "4th Rector Cup"]
[Site "Kharkov UKR"]
[Date "2002.03.23"]
[Round "2"]
[White "Moiseenko,A"]
[Black "Kempinski,R"]
[Result "1/2-1/2"]
[WhiteElo "2559"]
[BlackElo "2576"]

1.d4 Nf6 2.c4 g6 3.Nc3 Bg7 4.e4 O-O 5.Be2 d6 6.Nf3 Na6 7.O-O e5 8.Bg5 Qe8
9.Bxf6 Bxf6 10.c5 Nb4 11.dxe5 dxe5 12.Qb3 a5 13.a3 Nc6 14.Nd5 Bd8 15.Rad1 a4
16.Qc3 Bg4 17.Bb5 Bxf3 18.Qxf3 Nd4 19.Rxd4 Qxb5 20.Rb4 Qxc5 21.Rxb7 c6 22.Nc3 Be7
23.g3 Rfd8 24.Rc1 Rab8 25.Rxb8 Rxb8 26.Qe2 Qa5 27.Rc2 Bc5 28.Qc4 Bd4 29.Qxc6 Kg7
30.Kg2 Rb6 31.Qc4 Bxc3 32.Qxc3 Qxc3 33.Rxc3 Rxb2 34.Rc4 Ra2 35.Rxa4 h5 36.h4 Kf6
37.Ra7 Kg7 38.a4 Ra3 39.Ra8 Kf6 40.Ra7 Ra2 41.Kf3 Ra3+ 42.Ke2 Ra2+ 43.Kf1 Ra1+
44.Kg2 Ra2 45.Ra8 Ra3 46.a5 Ra4 47.Kf3 Ra3+ 48.Ke2 Ra2+ 49.Ke3 Ra3+ 50.Kd2 Ra2+
51.Ke1 Ra4 52.f3 Ra3 53.Ke2 Ra2+ 54.Ke1 Ra3 55.Kf2 Ra2+ 56.Kg1 Ra1+ 57.Kg2 Ra2+
58.Kf1 Ra3 59.Ke2 Ra2+ 60.Kd3 Ra3+ 61.Kc4 Rxf3 62.Rb8 Rxg3 63.Rb3 Rg4 64.Kd5 Rxh4
65.a6 Rh1 66.Rf3+ Kg5 67.Ra3 Rd1+ 68.Kxe5 Rd8 69.a7 Ra8 70.Rg3+ Kh4 71.Ra3 g5
72.Kf5 g4 73.Kf4 f6 74.Ra1 Kh3 75.Rh1+ Kg2 76.Rxh5 g3 77.Ra5 Kh2 78.Ra2+ g2
79.Kf3 Kh1 80.Rxg2 Rxa7 81.Rg6 Ra6 82.Kf4 Re6 83.Rg4 Re5 84.Kg3 Kg1 85.Rg6 Re6
86.Kf3+ Kf1 87.Ke3 Ra6 88.Rg4 Ra3+ 89.Kd4 Kf2  1/2-1/2

[Event "Suetin Mem"]
[Site "Tula RUS"]
[Date "2002.03.23"]
[Round "1"]
[White "Kotanjian,T"]
[Black "Shpagin,V"]
[Result "1/2-1/2"]
[WhiteElo "2387"]
[BlackElo "2028"]

1.d4 Nf6 2.c4 g6 3.Nc3 Bg7 4.e4 O-O 5.Nf3 d6 6.Be2 Nbd7 7.O-O e5 8.Qc2 c6
9.Rd1 Qc7 10.d5 cxd5 11.cxd5 Nc5 12.Ne1 Bd7 13.Be3 Ng4 14.Bxg4 Bxg4 15.Rdc1 Bd7
16.b4 Na4 17.Qd2 Qd8 18.Nxa4 Bxa4 19.Rab1 a6 20.Nd3 f5 21.exf5 Rxf5 22.Nb2 Bd7
23.Nc4 Rh5 24.Nb6 Rb8 25.Nxd7 Qxd7 26.Rc4 Rf5 27.Rbc1 Qb5 28.g4 Rf7 29.Qd1 Qd7
30.a4 b5 31.axb5 Qxb5 32.h3 Bf8 33.Qd2 Rfb7 34.Rc6 Qxb4 35.Qxb4 Rxb4 36.Rxa6 Rb1
37.Rxb1 Rxb1+ 38.Kg2 Rb5 39.Ra8 Kf7 40.Ra7+ Kg8 41.Ra8 Kf7 42.Ra7+ Kg8 43.Kf3 Rxd5
44.Rd7 Ra5 45.Bg5  1/2-1/2

[Event "13th Goodricke"]
[Site "Calcutta IND"]
[Date "2002.03.24"]
[Round "8"]
[White "Singh,SV"]
[Black "Ramaswamy,A"]
[Result "1-0"]
[WhiteElo "2299"]
[BlackElo "2320"]

1.d4 Nf6 2.c4 g6 3.Nc3 Bg7 4.e4 d6 5.Nf3 O-O 6.Be2 Na6 7.O-O e5 8.d5 Nc5
9.Nd2 a5 10.f3 Nh5 11.Nb3 Nxb3 12.axb3 Bd7 13.Be3 Nf4 14.Qd2 f5 15.c5 dxc5
16.Bc4 b6 17.Rae1 Re8 18.Bxf4 exf4 19.Qxf4 Be5 20.Qd2 Kh8 21.f4 Bd4+ 22.Kh1 fxe4
23.Nxe4 Bf5 24.Nc3 Bd7 25.Rxe8+ Qxe8 26.Re1 Qf8 27.Bb5 Rd8 28.h3 Qg7 29.Bc4 Be8
30.Qe2 Bxc3 31.Qxe8+  1-0

[Event "13th Goodricke"]
[Site "Calcutta IND"]
[Date "2002.03.25"]
[Round "9"]
[White "Sharma,D"]
[Black "Girinath,P"]
[Result "1-0"]
[WhiteElo "2380"]
[BlackElo "2336"]

1.Nf3 Nf6 2.c4 g6 3.Nc3 Bg7 4.d4 d6 5.e4 O-O 6.Be2 e5 7.O-O Nh5 8.Re1 Nf4
9.Bf1 Bg4 10.d5 f5 11.h3 Bh5 12.exf5 gxf5 13.g3 e4 14.Bxf4 Bxf3 15.Be2 Bxc3
16.bxc3 Bxe2 17.Qxe2 Nd7 18.f3 Nc5 19.Be3 Qf6 20.Bd4 Qg6 21.Kh2 Rae8 22.Rab1 b6
23.f4 h5 24.Rg1 Kh7 25.Rg2 Rg8 26.Rh1 Nd3 27.Be3 Kg7 28.Bd4+ Kh7 29.Qd2 Qf7
30.Qd1 Qg6 31.Rf1 Ref8 32.Kh1 Qe8 33.Be3 Rf6 34.Kh2 Rh6 35.Rh1 a5 36.Kg1 Qc8
37.Rhh2 Kg6 38.g4 hxg4 39.hxg4 Rxh2 40.Kxh2 fxg4 41.Rxg4+ Kf7 42.Rxg8 Qxg8
43.Qh5+ Qg6 44.Qh3 Ne1 45.f5 Qg7 46.f6 Qxf6 47.Qh7+ Ke8 48.Qxe4+ Qe7 49.Qg6+ Qf7
50.Qg4 Qe7 51.Bd2 Qh7+ 52.Kg1 Nd3 53.Qe6+  1-0

[Event "4th Rector Cup"]
[Site "Kharkov UKR"]
[Date "2002.03.27"]
[Round "8"]
[White "Gershon,A"]
[Black "Kempinski,R"]
[Result "0-1"]
[WhiteElo "2558"]
[BlackElo "2576"]

1.d4 Nf6 2.c4 g6 3.Nc3 Bg7 4.e4 O-O 5.Be2 d6 6.Nf3 Na6 7.O-O e5 8.Re1 c6
9.Bf1 Bg4 10.d5 c5 11.a3 Kh8 12.Bg5 Bc8 13.Rb1 Nb8 14.b4 Nbd7 15.Qc1 a5 16.Nb5 Ra6
17.bxa5 Qxa5 18.Qd2 Qd8 19.a4 Re8 20.Bd3 Bf8 21.Bc2 Be7 22.Qc3 Nh5 23.Bd2 Bf6
24.g3 Rf8 25.a5 Ng7 26.Qb2 Be7 27.Bc3 Kg8 28.Nd2 Nf6 29.f4 exf4 30.gxf4 Nfh5
31.Rf1 Bh3 32.Rf3 Bg4 33.Re3 Rxa5 34.h3 Bc8 35.Rf1 Ra6 36.e5 dxe5 37.fxe5 Bg5
38.Ref3 Bh6 39.Ne4 Nf5 40.Nbd6 Nxd6 41.Nxd6 Nf4 42.Kh2 Rb6 43.Qa1 Rxd6 44.exd6 Re8
45.Be5 Qh4 46.Qe1 Qh5 47.Qg3 Qxe5 48.Rxf4 Bxf4 49.Rxf4 Qxd6 50.Rf2 Qxg3+
51.Kxg3 Re3+ 52.Kf4 Rc3 53.Ke5 Rxc4 54.Kd6 Bxh3 55.Kc7 Rd4 56.d6 Bd7 57.Re2 b5
58.Re4 b4 59.Re3 c4 60.Ba4 b3  0-1

[Event "57th ch-YUG"]
[Site "Banja Koviljaca YUG"]
[Date "2002.03.28"]
[Round "12"]
[White "Ostojic,N"]
[Black "Arsovic,G"]
[Result "0-1"]
[WhiteElo "2475"]
[BlackElo "2437"]

1.d4 Nf6 2.c4 g6 3.Nc3 Bg7 4.e4 d6 5.Nf3 O-O 6.Be2 Na6 7.O-O e5 8.Re1 Qe8
9.Bf1 Bg4 10.d5 Nh5 11.h3 Bd7 12.Rb1 Nc5 13.Nb5 Na6 14.b4 f5 15.Nc3 Nf6 16.Nd2 g5
17.c5 dxc5 18.bxc5 Nxc5 19.Ba3 b6 20.Bxc5 bxc5 21.Bb5 Nxe4 22.Ndxe4 fxe4
23.Rxe4 Rb8 24.Bxd7 Qxd7 25.Rxb8 Rxb8 26.Qh5 h6 27.Qg6 Rb6 28.Qh5 Rb4 29.Qf3 Rd4
30.Re1 c4 31.Rb1 Qc8 32.Qe2 Qf5 33.f3 Qd3 34.Qe1 Qc2 35.Rc1 Qd2  0-1

[Event "40th Doeberl Cup"]
[Site "Canberra AUS"]
[Date "2002.03.29"]
[Round "1"]
[White "Harp,J"]
[Black "Lane,G"]
[Result "1/2-1/2"]
[WhiteElo "2056"]
[BlackElo "2448"]

1.d4 Nf6 2.c4 g6 3.Nc3 Bg7 4.e4 d6 5.Be2 O-O 6.Nf3 Nbd7 7.O-O e5 8.Qc2 c6
9.Rd1 exd4 10.Nxd4 Qe7 11.Bg5 Re8 12.f3 h6 13.Bh4 Nc5 14.Bf1 a5 15.b3 Qf8
16.Bf2 Nh5 17.Qd2 Be5 18.Be3 g5 19.g3 Qg7 20.Bg2 Ne6 21.Nde2 b5 22.cxb5 cxb5
23.Rac1 Ba6 24.Nd5 b4 25.Nd4 Nxd4 26.Bxd4 Rac8 27.Rxc8  1/2-1/2

[Event "6th Neckar Open"]
[Site "Deizisau GER"]
[Date "2002.03.29"]
[Round "2"]
[White "Gustafsson,J"]
[Black "Hanko,P"]
[Result "1-0"]
[WhiteElo "2513"]
[BlackElo "2236"]

1.d4 Nf6 2.c4 g6 3.Nc3 Bg7 4.e4 d6 5.Nf3 O-O 6.Be2 e5 7.Be3 Ng4 8.Bg5 f6
9.Bh4 c6 10.O-O Na6 11.d5 c5 12.Ne1 Nh6 13.f3 g5 14.Bf2 f5 15.a3 g4 16.fxg4 Nxg4
17.Bxg4 fxg4 18.Qd2 Qf6 19.Nd3 Qg6 20.b4 b6 21.Rab1 Bd7 22.Qe2 Bh6 23.Be3 Rxf1+
24.Rxf1 Bxe3+ 25.Qxe3 Rf8 26.Ra1 Rf7 27.Rb1 Qf6 28.Re1 Kg7 29.Ne2 h5 30.Ng3 Qg6
31.Rf1 Rxf1+ 32.Nxf1 Nc7 33.Nf2 Ne8 34.bxc5 bxc5 35.Qb3 h4 36.g3 h3 37.Qb7 Qf7
38.Qxa7 Kf8 39.Nd2 Ke7 40.Qa5 Qh7 41.Qc3 Qh6 42.Kf1 Nf6 43.Ke2 Qh8 44.Qb2 Qa8
45.Nd3 Kf7 46.Qb3 Ke7 47.Qc3 Kf7 48.Nb2 Ke7 49.Nd1 Be8 50.Qb2 Qa7 51.Nc3 Nh5
52.Nd1 Nf6 53.Nf2 Bd7 54.Qb3 Qa8 55.Nb1 Qf8 56.Ke1 Qh6 57.Nd2 Nh5 58.Ke2 Qf8
59.Qc3 Nf6 60.Nd3 Qa8 61.Nxe5 dxe5 62.Qxe5+ Kf7 63.Qf4 Kg6 64.Qd6 Qa5 65.e5 Qd8
66.Ne4 Kf5 67.Nxf6 Qa5 68.Qxd7+ Kxe5 69.Qe6+ Kd4 70.Qe3+  1-0

[Event "6th Neckar Open"]
[Site "Deizisau GER"]
[Date "2002.04.01"]
[Round "9"]
[White "Polak,T"]
[Black "Maier,C"]
[Result "1-0"]
[WhiteElo "2482"]
[BlackElo "2354"]

1.d4 Nf6 2.c4 g6 3.Nc3 Bg7 4.e4 d6 5.Nf3 O-O 6.Be2 e5 7.d5 a5 8.h3 Na6 9.Bg5 Qe8
10.Nd2 Bd7 11.O-O Kh8 12.a3 Ng8 13.Bg4 f5 14.exf5 gxf5 15.Bh5 Qc8 16.f4 Nf6
17.Be2 Qe8 18.fxe5 dxe5 19.Nf3 Nc5 20.Nh4 f4 21.Qc2 a4 22.Rae1 Qf7 23.Nf3 Nh5
24.Bh4 Rae8 25.Ng5 Qg6 26.Qxg6 hxg6 27.Nce4 Nb3 28.Bd1 Bf6 29.Bxb3 axb3 30.Rf3 Bf5
31.Rxb3 b6 32.Nf3 Bxh4 33.Nxh4 Bxe4 34.Rxe4 Kg7 35.d6 cxd6 36.Rxb6 Ng3 37.Re1 Rf6
38.Nf3 e4 39.Nd4 Re5 40.Rb7+ Kh6 41.Rb3 Rc5 42.Rc3 d5 43.b3 dxc4 44.bxc4 Rd6
45.Nb3 Rc7 46.c5 Rd5 47.Kf2 e3+ 48.Kf3 Kg5 49.c6 Kf5 50.h4 Ne4 51.Rc4 g5
52.hxg5 Nxg5+ 53.Ke2 Ne4 54.Kf3 Rd2 55.g4+ Kg5 56.Nd4 Re7 57.Ne2 Rxe2 58.Rxe2 Nd2+
59.Rxd2 exd2 60.Rc5+ Kf6 61.Rd5 Re3+ 62.Kxf4 Rc3 63.Rd6+ Kf7 64.Rxd2 Rxc6
65.Rd4 Kg6 66.a4 Rc1 67.Rd6+ Kg7 68.Ra6 Rf1+ 69.Kg5 Rc1 70.Ra7+ Kg8 71.Kh6 Rg1
72.g5 Rb1 73.Ra8+ Kf7 74.g6+ Kf6 75.Rf8+ Ke7 76.g7  1-0

[Event "New White Plus GM open"]
[Site "Dhaka BAN"]
[Date "2002.04.03"]
[Round "5"]
[White "Rahman,Tai"]
[Black "Hossain,Enam"]
[Result "0-1"]
[WhiteElo "2264"]
[BlackElo "2426"]

1.d4 g6 2.c4 Bg7 3.Nc3 Nf6 4.e4 d6 5.Be2 O-O 6.Nf3 Na6 7.O-O e5 8.Bg5 h6
9.Bh4 Qe8 10.d5 Nh5 11.Ne1 Nf4 12.Nd3 f5 13.f3 Nxd3 14.Bxd3 f4 15.Rb1 g5
16.Bf2 Qg6 17.Be2 Rf7 18.c5 dxc5 19.d6 cxd6 20.Bc4 Be6 21.Qxd6 Nc7 22.Bxe6 Nxe6
23.Nd5 Kh7 24.Ne7 Bf8 25.Qxe5 Bxe7 26.Rfd1 Bf8  0-1

[Event "Open"]
[Site "Geneva SUI"]
[Date "2002.04.05"]
[Round "2"]
[White "Perruchoud,P"]
[Black "Gallagher,Jo"]
[Result "0-1"]
[WhiteElo "2218"]
[BlackElo "2503"]

1.d4 Nf6 2.Nf3 g6 3.c4 Bg7 4.Nc3 d6 5.e4 O-O 6.Be2 e5 7.d5 a5 8.Bg5 h6 9.Bh4 Na6
10.Nd2 Qe8 11.O-O Nh7 12.f3 h5 13.b3 Bh6 14.a3 Bd7 15.Rb1 Be3+ 16.Bf2 Bxf2+
17.Rxf2 Qe7 18.b4 b6 19.Qf1 Qg5 20.Bd3 Bc8 21.Qe2 h4 22.Nf1 Kg7 23.Qe3 Bd7
24.Qxg5 Nxg5 25.Bc2 f6 26.Ba4 Bxa4 27.Nxa4 f5 28.Nd2 h3 29.g3 fxe4 30.fxe4 Nb8
31.Rxf8 Kxf8 32.b5 Nd7 33.Kf2 Nf6 34.Re1 Ke7 35.Nc3 Rf8 36.Kg1 Ng4 37.Re2 Nf3+
38.Nxf3 Rxf3  0-1

[Event "TCh-CZE 2001-2"]
[Site "CZE"]
[Date "2002.04.06"]
[Round "10"]
[White "Polak,T"]
[Black "Jirovsky,Pe"]
[Result "1-0"]
[WhiteElo "2482"]
[BlackElo "2414"]

1.d4 Nf6 2.c4 g6 3.Nc3 Bg7 4.e4 d6 5.Nf3 O-O 6.Be2 e5 7.d5 a5 8.h3 Na6 9.Bg5 Qe8
10.Nd2 Kh8 11.h4 Ng8 12.h5 f5 13.Nf3 Bf6 14.Be3 f4 15.Bd2 gxh5 16.Nh2 h4
17.Bh5 Qe7 18.Bg4 Nh6 19.Bxc8 Raxc8 20.Qh5 Qg7 21.Nf3 Qg6 22.Qxg6 hxg6 23.Nxh4 Kg7
24.Ke2 Nc5 25.Rag1 Rh8 26.g3 Nf7 27.Nf3 Rxh1 28.Rxh1 g5 29.Ne1 fxg3 30.fxg3 g4
31.Ng2 Rg8 32.Ne3 Bg5 33.Nxg4 Bxd2 34.Kxd2 Kf8 35.Rh4 Ke7 36.Ne3 Ng5 37.Nf5+ Kd8
38.Ke3 b6 39.Rg4 Nd7 40.Nh6 Nf6 41.Rxg5  1-0

[Event "TCh-CZE 2001-2"]
[Site "CZE"]
[Date "2002.04.06"]
[Round "10"]
[White "Tomecek,J"]
[Black "Lanc,A"]
[Result "1-0"]
[WhiteElo "2205"]
[BlackElo "2366"]

1.d4 Nf6 2.Nf3 g6 3.c4 Bg7 4.Nc3 d6 5.e4 O-O 6.Be2 Nbd7 7.O-O e5 8.Re1 Re8
9.Bf1 c6 10.d5 c5 11.Bd2 Rf8 12.Qc1 Ne8 13.Bg5 f6 14.Bh6 Bxh6 15.Qxh6 Qe7
16.Bd3 Rf7 17.Nh4 Nf8 18.g3 Nc7 19.f4 Rg7 20.f5 Bd7 21.Rf1 Rb8 22.a4 a6 23.Rf2 Ne8
24.a5 b6 25.axb6 Rxb6 26.Ra3 Bc8 27.b3 Qf7 28.Bc2 Rb8 29.Ra1 Qb7 30.Qe3 g5
31.Ng2 h5 32.Bd1 Rh7 33.Ne1 Qg7 34.h3 h4 35.g4 Qe7 36.Nd3 Qd8 37.Rfa2 Ra7
38.b4 Rxb4 39.Nxb4 cxb4 40.Qxa7 bxc3 41.Qe3 Nd7 42.Qxc3 Qb6+ 43.Kg2 Nc7 44.Bc2 Qc5
45.Ra5 Qa7 46.Rb1 Na8 47.Kf3 Qc7 48.Qb4 Nab6 49.c5 dxc5 50.Rxc5  1-0

[Event "ClubCh-EST"]
[Site "Tallinn EST"]
[Date "2002.04.06"]
[Round "7"]
[White "Vooremaa,A"]
[Black "Sepp,O"]
[Result "0-1"]
[WhiteElo "2303"]
[BlackElo "2460"]

1.d4 Nf6 2.c4 g6 3.Nc3 Bg7 4.e4 O-O 5.Nf3 d6 6.Be2 Na6 7.O-O e5 8.h3 exd4
9.Nxd4 Re8 10.Bf3 Nc5 11.Re1 a5 12.b3 c6 13.Bf4 Qb6 14.Nc2 Nh5 15.Bd2 Nf4
16.Na4 Nxa4 17.Bxf4 Bxa1 18.Qxa1 Nc5 19.Bxd6 Nd3 20.Re3 Nb4 21.Ne1 a4 22.a3 c5
23.e5 Nc6 24.Bxc6 Qxc6 25.Nd3 b6 26.Nf4 Be6 27.Qc1 Kh8 28.h4 axb3 29.Rxb3 Ra4
30.Nh5 gxh5 31.Qh6 Qe4 32.Rg3 Bg4 33.Qf6+ Kg8 34.f3 Qe3+ 35.Kh2 Rxa3 36.e6 Qxe6
37.Qb2 Rd3 38.Bc7 Qe7  0-1

[Event "III Open"]
[Site "Dos Hermanas ESP"]
[Date "2002.04.08"]
[Round "4"]
[White "Dickl,E"]
[Black "Comas Fabrego,L"]
[Result "0-1"]
[WhiteElo "2230"]
[BlackElo "2520"]

1.d4 Nf6 2.c4 g6 3.Nc3 Bg7 4.e4 d6 5.Nf3 O-O 6.Be2 Na6 7.O-O e5 8.Bg5 h6
9.Bh4 exd4 10.Nxd4 Nc5 11.f3 a5 12.Qc2 c6 13.Rfd1 a4 14.Bf1 Qe7 15.Bf2 Nh5
16.Qd2 Nd7 17.Nde2 Ne5 18.Ng3 Nxg3 19.Bxg3 Be6 20.b3 axb3 21.axb3 Rxa1 22.Rxa1 h5
23.Rd1 h4 24.Bf4 h3 25.Qxd6 Qxd6 26.Rxd6 hxg2 27.Kxg2 Nxf3 28.Kxf3 Bxc3 29.e5 Re8
30.Rd3 Ba5 31.Rd1 Bf5 32.Ra1 Bb6 33.b4 Bd4 34.Ra5 Kg7 35.c5 Bxe5 36.Bxe5+ Rxe5
37.Ra7 Re7 38.b5 cxb5 39.Bxb5 Kf6 40.h4 Be4+ 41.Kf4 Bd5 42.Bd3 Bc6 43.Ra1 Re5
44.Rc1 Rd5  0-1

[Event "Golden Cleopatra"]
[Site "Cairo EGY"]
[Date "2002.04.12"]
[Round "6"]
[White "Amin,A"]
[Black "Szekely,P"]
[Result "1/2-1/2"]
[WhiteElo "2251"]
[BlackElo "2439"]

1.Nf3 Nf6 2.c4 g6 3.Nc3 Bg7 4.e4 d6 5.d4 O-O 6.Be2 e5 7.O-O Nbd7 8.Re1 c6
9.Bf1 exd4 10.Nxd4 Re8 11.Nb3 Ne5 12.Nd4 a6 13.a4  1/2-1/2

[Event "III Open"]
[Site "Dos Hermanas ESP"]
[Date "2002.04.12"]
[Round "8"]
[White "Illescas Cordoba,M"]
[Black "Cabrera,A"]
[Result "1-0"]
[WhiteElo "2580"]
[BlackElo "2440"]

1.Nf3 Nf6 2.c4 g6 3.Nc3 Bg7 4.e4 d6 5.d4 O-O 6.Be2 e5 7.d5 Na6 8.Nd2 h5 9.a3 Nh7
10.b4 f5 11.exf5 gxf5 12.Bb2 h4 13.Qc2 Bd7 14.g3 c6 15.Nf3 hxg3 16.hxg3 Nc7
17.O-O-O cxd5 18.Nxd5 Nxd5 19.Rxd5 Be6 20.Rdd1 Qe7 21.Kb1 Rac8 22.Qd2 Rfd8
23.Rh4 d5 24.Rdh1 dxc4 25.Qc3 Rd3 26.Bxd3 cxd3 27.Qxd3 e4 28.Qd2 Rd8 29.Nd4 Nf6
30.Qg5 Rxd4 31.Bxd4 Qd6 32.Rh8+ Kf7 33.R8h7 Ba2+ 34.Kc1 Qc6+ 35.Kb2  1-0

[Event "TCh-ISR"]
[Site "ISR"]
[Date "2002.04.12"]
[Round "8"]
[White "Gerzhoy,L"]
[Black "Mittelman,G"]
[Result "1/2-1/2"]
[WhiteElo "2332"]
[BlackElo "2417"]

1.Nf3 Nf6 2.c4 g6 3.Nc3 Bg7 4.e4 d6 5.d4 O-O 6.Be2 e5 7.O-O Na6 8.Bg5 Qe8
9.Bxf6 Bxf6 10.c5 Nb4 11.dxe5 dxe5 12.a3 Nc6 13.Nd5 Qd8 14.b4 Bg4 15.Nd2 Be6
16.Nb3 Bg7 17.Bc4 a5 18.b5 a4 19.bxc6 bxc6 20.Nc1 cxd5 21.exd5 Bc8 22.Qd2 Qe7
23.d6 cxd6 24.cxd6 Qh4 25.Bd5 Rb8 26.Ne2 Rd8 27.Qa2 Rxd6 28.Bxf7+ Kh8 29.Rfd1 Rxd1+
30.Rxd1 Bg4 31.f3 Bf5 32.Ng3 Qf4 33.Qe2 Bh6 34.Nxf5 gxf5 35.Re1 Qd4+ 36.Kh1 e4
37.fxe4 fxe4 38.Rf1 e3 39.Bh5 Rf8 40.Rxf8+ Bxf8 41.g3 Bxa3 42.Kg2 Be7 43.Qb5 Qe4+
44.Bf3 Qe6 45.Qxa4 Bf6 46.Qa8+ Kg7  1/2-1/2

[Event "chJ-POL b20"]
[Site "Trzebinia POL"]
[Date "2002.04.13"]
[Round "2"]
[White "Jedynak,R"]
[Black "Mista,A"]
[Result "0-1"]
[WhiteElo "2416"]
[BlackElo "2435"]

1.d4 d6 2.Nf3 g6 3.c4 Bg7 4.Nc3 Nf6 5.e4 O-O 6.Be2 e5 7.dxe5 dxe5 8.Qxd8 Rxd8
9.Bg5 Re8 10.Nd5 Nxd5 11.cxd5 c6 12.Bc4 cxd5 13.Bxd5 Nc6 14.O-O-O Nb4 15.Bb3 Be6
16.Bxe6 Rxe6 17.Kb1 Na6 18.Be3 f5 19.Rd5 f4 20.Bd2 b6 21.Bc3 Nc7 22.Rd7 Nb5
23.Rc1 Bf6 24.a4 Nd6 25.Nd2 a5 26.b3 Rd8 27.Rxd8+ Bxd8 28.Bb2 g5 29.Rc6 Kf7
30.Kc2 g4 31.Ba3 Nf5 32.Rxe6 Nd4+ 33.Kd3 Kxe6 34.Bb2 Nc6 35.Bc3 Be7 36.f3 h5
37.Kc4 g3 38.h3 Bb4 39.Bxb4 Nxb4 40.Kc3 Nc6 41.Kc2 Nd4+ 42.Kd1 h4 43.Ke1 Nc2+
44.Ke2 Ne3 45.Nc4 Nxg2 46.Nxb6 Ne3 47.b4 axb4 48.a5 b3 49.Na4 Kd6 50.a6 Kc7
51.a7 Kb7 52.Nc5+ Kxa7 53.Nxb3 Nc2 54.Nd2 Nd4+ 55.Kf1 Ka6 56.Nc4 Nxf3 57.Kg2 Ne1+
58.Kf1 Nd3 59.Nd2 Nf2 60.Nf3 Nxh3 61.Nxh4 Ng5 62.Ng6 f3  0-1

[Event "Golden Cleopatra"]
[Site "Cairo EGY"]
[Date "2002.04.15"]
[Round "9"]
[White "Peng Zhaoqin"]
[Black "Georgiev,Kr"]
[Result "0-1"]
[WhiteElo "2460"]
[BlackElo "2513"]

1.d4 g6 2.c4 Bg7 3.Nc3 d6 4.e4 Nf6 5.Nf3 O-O 6.Be2 e5 7.dxe5 dxe5 8.Qxd8 Rxd8
9.Nd5 Nxd5 10.cxd5 c6 11.Bc4 cxd5 12.Bxd5 Na6 13.Bg5 Re8 14.Ke2 Nc7 15.Bb3 Ne6
16.Rac1 Bd7 17.Rhd1 Bc6 18.Bxe6 Rxe6 19.Nd2 Bb5+ 20.Ke1 Bf8 21.Nc4 f6 22.Bd2 Ra6
23.Ne3 Rxa2 24.Rc7 Bd6 25.Nd5 Bxc7 26.Nxc7 Ba4 27.Nxa8 Bxd1 28.Kxd1 Rxb2
29.Nc7 Kf7 30.Kc1 Ra2 31.Nb5 Ra1+ 32.Kc2 Rh1 33.g3 Ke6 34.h4 a6 35.Nc7+ Kf7
36.Be3 Ra1 37.Nd5 Ra4 38.Nc3 Rc4 39.Bb6 Rc6 40.Be3 b5 41.Kb3 Rc4 42.g4 h5
43.gxh5 gxh5 44.Bb6 Rc8 45.Ne2 Rg8 46.Ng3 Rg4 47.Nf5 Ke6 48.f3 Rf4 49.Kb4 Rxf3  0-1

[Event "Classics GM"]
[Site "Gausdal NOR"]
[Date "2002.04.15"]
[Round "5"]
[White "Bluvshtein,M"]
[Black "Kotronias,V"]
[Result "0-1"]
[WhiteElo "2354"]
[BlackElo "2568"]

1.d4 Nf6 2.c4 g6 3.Nc3 Bg7 4.e4 d6 5.Nf3 O-O 6.Be2 e5 7.dxe5 dxe5 8.Qxd8 Rxd8
9.Nd5 Nxd5 10.cxd5 c6 11.Bc4 b5 12.Bb3 Bb7 13.Bg5 Rc8 14.Rc1 c5 15.O-O Nd7
16.Be3 Bf8 17.Bd1 c4 18.Be2 Bd6 19.Nd2 Rc7 20.b3 f5 21.exf5 gxf5 22.f4 Re8
23.fxe5 Rxe5 24.Kf2 c3 25.Nf3 Rxd5 26.Bxa7 Nf6 27.a4 Ba6 28.Bb6 Rc6 29.axb5 Bxb5
30.Bd4 Ne4+ 31.Ke3 c2 32.Bxb5 Rxb5 33.Ne1 Rxb3+ 34.Ke2 Bxh2 35.Rf3 Rb1 36.Be3 Bd6  0-1

[Event "chJ-POL b20"]
[Site "Trzebinia POL"]
[Date "2002.04.17"]
[Round "8"]
[White "Jedynak,R"]
[Black "Czarnota,P"]
[Result "1-0"]
[WhiteElo "2416"]
[BlackElo "2307"]

1.d4 Nf6 2.c4 g6 3.Nc3 Bg7 4.Nf3 O-O 5.e4 d6 6.Be2 e5 7.dxe5 dxe5 8.Qxd8 Rxd8
9.Bg5 Re8 10.Nd5 Nxd5 11.cxd5 c6 12.Bc4 cxd5 13.Bxd5 Nd7 14.Nd2 Nc5 15.O-O-O Be6
16.Bxe6 Nxe6 17.Be3 Bf8 18.Nb3 a5 19.Kb1 a4 20.Nc1 Bc5 21.Bxc5 Nxc5 22.f3 Rad8
23.Ne2 Kg7 24.Nc3 Rd4 25.Nb5 Rb4 26.Nc7 Rc8 27.Nd5 Rd4 28.Rxd4 exd4 29.Rd1 Ne6
30.Rc1 Rd8 31.Kc2 f5 32.Kd3 fxe4+ 33.Kxe4 Kf7 34.h4 d3 35.Rd1 Nc5+ 36.Ke5 Nd7+
37.Ke4 Nc5+ 38.Kd4 b6 39.Kc4 Rd6 40.Nb4 Re6 41.Rd2 h5 42.Nxd3 Nxd3 43.Kxd3 Kf6
44.Kc4 Kf5 45.Kb4 Kf4 46.Kxa4 Kg3 47.Kb5 Kxh4 48.a4 Kg3 49.b4 h4 50.Ra2 g5
51.a5 bxa5 52.bxa5 g4 53.fxg4 Kxg4 54.Ra3 Re5+ 55.Kc6 Re6+ 56.Kc7 Re7+ 57.Kd6 Re2
58.a6 Rd2+ 59.Ke7 Re2+ 60.Kf7 Rf2+ 61.Kg7 Rxg2 62.a7 Kh5+ 63.Kh7  1-0